[Event "Tri Buki Children's CupT 2nd"]
[Site "Tri Buki"]
[Date "2017.02.07"]
[Round "6.1"]
[White "Hristov, Deyan"]
[Black "Manova, Ivana"]
[Result "0-1"]
[WhiteElo "1497"]
[BlackElo "1741"]
[PlyCount "82"]
[EventDate "2017.02.04"]
[EventType "team-swiss"]
[EventRounds "6"]
[EventCountry "BUL"]
[SourceTitle "CBM 176 Extra"]
[Source "ChessBase"]
[SourceDate "2017.03.02"]
[SourceVersion "1"]
[SourceVersionDate "2017.03.02"]
[SourceQuality "1"]
[WhiteTeam "An Passant III"]
[BlackTeam "Skopje II"]
[WhiteTeamCountry "BUL"]
[BlackTeamCountry "MKD"]

1. e4 d5 2. exd5 Nf6 3. Nc3 Nxd5 4. Bc4 c6 5. Nge2 e6 6. a3 Qh4 7. d4 Bd6 8. Ne4 Qxe4 9. 0-0 0-0 10. Ng3 Qh4 11. Bd3 Nd7 12. Re1 N7f6 13. c4 Nf4 14. Bc2 Rd8 15. Ne4 Nxe4 16. Rxe4 f5 17. g3 Qf6 18. Rxf4 Bxf4 19. Bxf4 Qxd4 20. Qh5 b6 21. Bc7 Rf8 22. Rd1 Qg4 23. Qxg4 fxg4 24. Rd4 Ba6 25. Rxg4 Rf7 26. Be5 Rd8 27. Rh4 h6 28. c5 bxc5 29. Bb3 c4 30. Bxc4 Bxc4 31. Rxc4 Rd5 32. f4 c5 33. Rc2 Kh7 34. Kg2 g5 35. Rc4 Kg6 36. Re4 Kf5 37. Re2 Rb7 38. Kf3 Rb3+ 39. Kf2 h5 40. Kg2 gxf4 41. gxf4 Rbd3 0-1

[Event "An Pasan Alcor Christmas"]
[Site "Sofia"]
[Date "2016.12.28"]
[Round "5.5"]
[White "Hristov, Deyan"]
[Black "Chivulescu, Adrian Alexandru"]
[Result "0-1"]
[WhiteElo "1495"]
[BlackElo "1750"]
[PlyCount "67"]
[EventDate "2016.12.26"]
[EventType "team-schev"]
[EventRounds "6"]
[EventCountry "BUL"]
[SourceTitle "CBM 176 Extra"]
[Source "ChessBase"]
[SourceDate "2017.03.02"]
[SourceVersion "1"]
[SourceVersionDate "2017.03.02"]
[SourceQuality "1"]
[WhiteTeam "An Pasan"]
[BlackTeam "Alcor"]
[WhiteTeamCountry "BUL"]
[BlackTeamCountry "ROU"]

1. e4 e5 2. Nf3 Nc6 3. Bc4 Bc5 4. 0-0 Nf6 5. d4 Bxd4 6. Nxd4 Nxd4 7. f4 d6 8. fxe5 dxe5 9. Bg5 Qe7 10. c3 Ne6 11. Bxf6 Qc5+ 12. Kh1 Qxc4 13. Bxe5 0-0 14. Nd2 Qb5 15. Nf3 Qxb2 16. Nd4 f6 17. Nxe6 Bxe6 18. Bd4 Qa3 19. Qf3 Qe7 20. Qg3 c5 21. Be3 b5 22. Rf2 Bc4 23. Rf4 Qe5 24. Qh3 Be6 25. Qg3 Rad8 26. Raf1 Qxc3 27. R4f3 Qe5 28. Bf4 Qxe4 29. Re1 Qd5 30. Bh6 Rd7 31. Ref1 Qh5 32. Bg5 Bg4 33. Bxf6 Bxf3 34. gxf3 0-1

[Event "Sofia An Pasan op 10th"]
[Site "Sofia"]
[Date "2015.11.01"]
[Round "4"]
[White "Hristov, Deyan"]
[Black "Toncheva, Nadya"]
[Result "0-1"]
[WhiteElo "1380"]
[BlackElo "1549"]
[PlyCount "42"]
[EventDate "2015.10.31"]
[EventType "swiss"]
[EventRounds "6"]
[EventCountry "BUL"]
[SourceTitle "CBM 169 Extra"]
[Source "ChessBase"]
[SourceDate "2015.12.18"]
[SourceVersion "1"]
[SourceVersionDate "2015.12.18"]
[SourceQuality "1"]

1. e4 c5 2. c3 d5 3. exd5 Qxd5 4. d4 Nc6 5. Nf3 cxd4 6. Na3 e5 7. Nb5 Qd8 8. Nxe5 Nxe5 9. Qe2 Qe7 10. cxd4 Nd3+ 11. Kd2 Qxe2+ 12. Kxe2 Nxc1+ 13. Rxc1 Kd8 14. g3 Bd7 15. Nc3 Rc8 16. Bg2 Nf6 17. Rc2 Bf5 18. Rd2 Bb4 19. Bxb7 Re8+ 20. Kf1 Bh3+ 21. Kg1 Re1# 0-1